[Event "ch-UKR semi-final"]
[Site "Alushta UKR"]
[Date "2011.05.05"]
[Round "3.12"]
[White "Romanchuk,V"]
[Black "Zubarev,Al1"]
[Result "1/2-1/2"]
[WhiteElo "2314"]
[BlackElo "2600"]

1.d4 Nf6 2.c4 e6 3.Nc3 Bb4 4.Qc2 O-O 5.a3 Bxc3+ 6.Qxc3 b6 7.Bg5 Bb7 8.f3 d5
9.e3 Nbd7 10.cxd5 Nxd5 11.Bxd8 Nxc3 12.Bxc7 Nd5 13.Bf4 Nxf4 14.exf4 Rfd8
15.Bc4 Rac8 16.Bb3 Nb8 17.Ne2 Nc6 18.Rd1 Ba6 19.Nc3 Nxd4 20.Ba2 Nb5 21.Nxb5 Bxb5
22.Bb1 Rxd1+ 23.Kxd1 Rd8+ 24.Kc1 Ba4 25.Re1 g6 26.Bc2 Rc8 27.Re2 Rc4 28.g3 Kf8
29.Kb1 Bd7 30.Re4 Rc5 31.Re3 Ke7 32.b4 Rd5 33.Kc1 Bb5 34.Be4 Rd4 35.f5 gxf5
36.Bxf5 h6 37.Bc2 Kd6 38.Rc3 Bc4 39.Re3 f5 40.f4 a5 41.bxa5 bxa5 42.Kb2 Bd5
43.Kc3 Rc4+ 44.Kd2 Rd4+ 45.Rd3 Kc5 46.Rxd4 Kxd4 47.Bd3 Bc4 48.Bc2 Bd5  1/2-1/2

[Event "ch-UKR semi-final"]
[Site "Alushta UKR"]
[Date "2011.05.06"]
[Round "4.50"]
[White "Afanasjev,An"]
[Black "Mazurchak,B"]
[Result "1-0"]
[WhiteElo "2008"]
[BlackElo "2224"]

1.d4 Nf6 2.c4 e6 3.Nc3 Bb4 4.Qc2 O-O 5.Nf3 c5 6.dxc5 Na6 7.a3 Bxc3+ 8.Qxc3 Nxc5
9.Bg5 Nce4 10.Bxf6 gxf6 11.Qd4 f5 12.g4 fxg4 13.Qxe4 gxf3 14.Rg1+ Kh8 15.Qd4+ f6
16.O-O-O Qc7 17.exf3 a5 18.Bd3 b5 19.Kb1 d6 20.cxb5 Bb7 21.Be4 d5 22.Bd3 e5
23.Qh4 f5 24.Rc1 Qd6 25.Qg5 Qd7 26.b6 Rac8 27.Rxc8 Bxc8 28.Rc1 Qd8 29.Qxd8 Rxd8
30.Rc7 e4 31.Bb5 d4 32.b7 Bxb7 33.Rxb7 d3 34.Rd7 Rg8 35.fxe4 Rg1+ 36.Ka2 fxe4
37.Bc6 Re1 38.Kb3 Re2 39.Rd4 d2 40.Kc3  1-0

[Event "TCh-SVK Extraliga 2010-11"]
[Site "Slovakia SVK"]
[Date "2011.05.07"]
[Round "10"]
[White "Fedorko,S"]
[Black "Csonka,A1"]
[Result "1/2-1/2"]
[WhiteElo "2092"]
[BlackElo "2378"]

1.d4 Nf6 2.c4 e6 3.Nc3 Bb4 4.Qc2 O-O 5.a3 Bxc3+ 6.Qxc3 b6 7.Bg5 Bb7 8.e3 h6
9.Bh4 Nc6 10.f3 d5 11.Bd3 dxc4 12.Bxc4 Na5 13.Ba2 Nd5 14.Bxd5 Qxd5 15.b4 Qc4
16.Ne2 Ba6 17.Qxc4 Nxc4 18.Kf2 e5 19.e4 g5 20.Bg3 exd4 21.Nxd4 Rfd8 22.Rhd1 Nb2
23.Rd2 c5 24.Rxb2 Rxd4 25.Be5 Rd3 26.b5 Re8 27.Bf6 Bc8 28.Ke2 Rd6 29.Bc3 Be6
30.a4 Bc4+ 31.Kf2 Rd3 32.Rc1 Red8 33.a5 Rd1 34.Rxd1 Rxd1 35.axb6 axb6 36.Be5 Rd7
37.Ke3 Kh7 38.Rd2 Re7 39.f4 Bxb5 40.Rb2 Bf1 41.Rxb6 Bxg2 42.Rc6 f5 43.Rxc5 gxf4+
44.Kxf4 fxe4 45.Rc7 Rxc7 46.Bxc7 Kg6 47.Ke3 Kf5 48.Bg3 Kg4  1/2-1/2

[Event "TCh-POL Ekstraliga"]
[Site "Wroclaw POL"]
[Date "2011.05.08"]
[Round "3.1"]
[White "Navara,D"]
[Black "Hracek,Z"]
[Result "1-0"]
[WhiteElo "2702"]
[BlackElo "2629"]

1.d4 Nf6 2.c4 e6 3.Nc3 Bb4 4.Qc2 O-O 5.e4 d6 6.Bd3 c5 7.e5 Nfd7 8.Bxh7+ Kh8
9.dxc5 Nc6 10.cxd6 Bxc3+ 11.bxc3 g6 12.Bh6 Ncxe5 13.Bxg6 fxg6 14.Bxf8 Qxf8
15.Ne2 b6 16.f4 Nxc4 17.Qxg6 Qf5 18.Qxf5 exf5 19.O-O-O Nf6 20.Rhe1 Bd7 21.Ng3 Rd8
22.Re7 Ng8 23.Rd5 Nf6 24.Rd4 b5 25.Rf7 Ng4 26.Nh5 Kg8 27.Rxd7 Rxd7 28.h3 Kf7
29.hxg4 fxg4 30.f5 Ne3 31.Ng3 Nxg2 32.Kd2 Nh4 33.Ke3 Kf6 34.Kf4  1-0

[Event "ch-UKR semi-final"]
[Site "Alushta UKR"]
[Date "2011.05.10"]
[Round "8.44"]
[White "Omelja,A"]
[Black "Linker,M"]
[Result "1-0"]
[WhiteElo "2329"]
[BlackElo "2141"]

1.d4 Nf6 2.c4 e6 3.Nc3 Bb4 4.Qc2 O-O 5.a3 Bxc3+ 6.Qxc3 b6 7.Bg5 Bb7 8.f3 h6
9.Bh4 d5 10.e3 Nbd7 11.cxd5 Nxd5 12.Bxd8 Nxc3 13.Bh4 Nd5 14.Bf2 Rac8 15.e4 N5f6
16.Bb5 a6 17.Ba4 b5 18.Bc2 c5 19.O-O-O cxd4 20.Bxd4 Nxe4 21.fxe4 Rxc2+ 22.Kxc2 Bxe4+
23.Kd2 Bxg2 24.Ne2 Bxh1 25.Rxh1 e5 26.Bc3 Re8 27.Ng3 Nc5 28.Ke3 g6 29.Bb4 Nb7
30.Ne4 Re6 31.Rd1 Rb6 32.Rd7 f5 33.Nc3 f4+ 34.Ke4 a5 35.Be7 b4 36.axb4 axb4
37.Nd5 Rb5 38.Rc7 g5 39.Bxb4 Kh8 40.Ba3 Na5 41.b4 f3 42.bxa5  1-0

[Event "ch-UKR semi-final"]
[Site "Alushta UKR"]
[Date "2011.05.10"]
[Round "8.40"]
[White "Borzov,D"]
[Black "Meleshko,V"]
[Result "1/2-1/2"]
[WhiteElo "2151"]
[BlackElo "2285"]

1.d4 Nf6 2.c4 e6 3.Nc3 Bb4 4.Qc2 O-O 5.a3 Bxc3+ 6.Qxc3 d5 7.Nf3 b6 8.Bg5 Bb7
9.cxd5 Bxd5 10.e3 Nbd7 11.Be2 c5 12.O-O Ne4 13.Bxd8 Nxc3 14.bxc3 Rfxd8 15.Rfc1 Kf8
16.Nd2 Ke7 17.f3 Bb7 18.Kf2 Rac8 19.Nb3 Bd5 20.Nd2 Bb7 21.Nb3 e5 22.e4 exd4
23.cxd4 cxd4 24.Nxd4 Nc5 25.Nf5+ Kf6 26.Ne3 Rd2 27.Ke1 Rcd8 28.Rd1 Rxd1+
29.Rxd1 Rxd1+ 30.Kxd1 Ke5 31.Kd2 g6 32.Kc3 f5 33.Nc4+ Ke6 34.exf5+ gxf5 35.Bd1 Bd5
36.Kd4 h6 37.Bc2 Bxc4 38.Kxc4 Ke5 39.g3 f4 40.Bd1 Ne6 41.Kb5 Nc7+ 42.Kc6 Nd5
43.gxf4+ Nxf4 44.Kb7 Nd5 45.Kxa7 Nc3 46.Bc2 Nb5+ 47.Kxb6  1/2-1/2

[Event "ch-UKR semi-final"]
[Site "Alushta UKR"]
[Date "2011.05.10"]
[Round "8.22"]
[White "Shishkin,Va UKR"]
[Black "Odnorozhenko,E"]
[Result "1/2-1/2"]
[WhiteElo "2474"]
[BlackElo "2319"]

1.d4 Nf6 2.c4 e6 3.Nc3 Bb4 4.Qc2 O-O 5.a3 Bxc3+ 6.Qxc3 Ne4 7.Qc2 f5 8.Nf3 b6
9.g3 Bb7 10.Bg2 Nf6 11.O-O Be4 12.Qc3 d6 13.b4 Nbd7 14.Bb2 Qe7 15.Rfd1 Rac8
16.a4 c6 17.Bf1 b5 18.c5 a6 19.Nd2 f4 20.axb5 axb5 21.Ra7 Bg6 22.Bg2 Nd5
23.Qa3 h5 24.Ne4 Bxe4 25.Bxe4 fxg3 26.Qxg3 Nf4 27.Rd2 d5 28.Bb1 h4 29.Qg4 Nf6
30.Rxe7 Nxg4 31.f3 Ne3 32.Bc1 Nh3+ 33.Kh1 Nf2+ 34.Kg1 Nh3+  1/2-1/2

[Event "ch-UKR semi-final"]
[Site "Alushta UKR"]
[Date "2011.05.10"]
[Round "8.12"]
[White "Nechaev,An"]
[Black "Oleksienko,M"]
[Result "1/2-1/2"]
[WhiteElo "2407"]
[BlackElo "2577"]

1.d4 Nf6 2.c4 e6 3.Nc3 Bb4 4.Qc2 O-O 5.a3 Bxc3+ 6.Qxc3 b5 7.cxb5 c6 8.Nf3 cxb5
9.Bg5 h6 10.Bxf6 Qxf6 11.e4 Bb7 12.Qe3 Qg6 13.Bd3 f5 14.d5 fxe4 15.Bxe4 Qg4
16.O-O exd5 17.Bc2 Nc6 18.h3 Qf4 19.Qd3 Qe4 20.Qxe4 dxe4 21.Bxe4 Rfe8 22.Rfe1 Rad8
23.Bd5+ Kh7 24.Kf1 Kg6 25.Rac1 Rxe1+ 26.Kxe1 Kf6 27.Kd2 Ba8 28.Rc3 Ke7 29.Bxc6 Bxc6
30.Ne1 Rf8 31.f3 Kd6 32.Nc2 a5 33.Rd3+ Ke5 34.Ke3 Re8 35.g3 g5 36.Nd4 Kd5+
37.Kd2 Kc5 38.Nb3+ Kb6 39.Rd6 a4 40.Nc1 Rf8 41.Rxh6 Rxf3 42.Ne2 Rf2 43.Rg6 Rh2
44.Rxg5 Rxh3 45.Rg4 Rh2 46.Rh4 Rg2 47.Ke3 Kc5 48.Rh5+ Kc4 49.Rh4+ Kb3 50.Rb4+ Ka2
51.Nc3+ Ka1 52.Nxb5 Rxb2 53.Nc3 Rxb4 54.axb4 Kb2 55.Kd4 a3 56.g4 Kb3 57.g5 Kxb4
58.g6 Bb5 59.g7 Bc4 60.Nd5+  1/2-1/2

[Event "13th Salou Open"]
[Site "Salou ESP"]
[Date "2011.05.10"]
[Round "8"]
[White "Narciso Dublan,M"]
[Black "Fedorchuk,S"]
[Result "1/2-1/2"]
[WhiteElo "2532"]
[BlackElo "2654"]

1.d4 Nf6 2.c4 e6 3.Nc3 Bb4 4.Qc2 O-O 5.a3 Bxc3+ 6.Qxc3 d5 7.e3 b6 8.cxd5 Qxd5
9.Be2 c5 10.Bf3 Ne4 11.Qc2 f5 12.Ne2 cxd4 13.exd4 Nc6 14.Be3 Ba6 15.Rd1 Rac8
16.Nc3 Qa5 17.Bxe4 fxe4 18.Qxe4 e5 19.dxe5 Qxe5 20.Rd7 Qxe4 21.Nxe4 Rfd8
22.Rxd8+ Rxd8 23.f3 Ne5 24.Kf2 Nd3+ 25.Kg3 Nxb2 26.Bf4 Nc4 27.a4 h6 28.h4 Rd4
29.Re1 Kf7 30.Bb8 Rd8 31.Bc7 Rd7 32.Bb8 Kg6 33.Rc1 Kf7 34.Re1 Rd8 35.Bc7 Rd7
36.Bb8 Rd8  1/2-1/2

[Event "TCh-NED"]
[Site "Netherlands NED"]
[Date "2011.05.15"]
[Round "9.4"]
[White "Wunnink,M"]
[Black "Willemze,T"]
[Result "1-0"]
[WhiteElo "2254"]
[BlackElo "2409"]

1.d4 Nf6 2.c4 e6 3.Nc3 Bb4 4.Qc2 O-O 5.a3 Bxc3+ 6.Qxc3 b5 7.cxb5 c6 8.Bg5 cxb5
9.e3 Bb7 10.Nf3 a6 11.Bd3 h6 12.Bh4 d6 13.O-O Nbd7 14.Rfc1 Qb6 15.Bg3 Nd5
16.Qe1 Rae8 17.e4 N5f6 18.Bf4 Nh5 19.Bd2 Bc6 20.Rc2 f5 21.Rac1 Nb8 22.Qe3 Qb7
23.e5 Bxf3 24.Rc7 Qd5 25.Qxf3 Qxf3 26.gxf3 dxe5 27.dxe5 Rd8 28.Bb4 Rfe8 29.Bd6 Nd7
30.Bb1 Nf4 31.Kf1 Ng6 32.Re1 Ndxe5 33.Bxe5 Nxe5 34.Rxe5  1-0

[Event "ch-Moscow KO"]
[Site "Moscow RUS"]
[Date "2011.05.18"]
[Round "1.2"]
[White "Dubov,Danii"]
[Black "Ageichenko,G"]
[Result "1/2-1/2"]
[WhiteElo "2505"]
[BlackElo "2352"]

1.d4 Nf6 2.c4 e6 3.Nc3 Bb4 4.Qc2 O-O 5.a3 Bxc3+ 6.Qxc3 b6 7.Bg5 d6 8.Qf3 c6
9.e3 Ba6 10.Bd3 d5 11.Ne2 Nbd7 12.O-O e5 13.Bf5 Bxc4 14.Rfe1 Qe8 15.Qg3 Bxe2
16.Bxd7 Qxd7 17.Bxf6 Qg4 18.Bxe5 Qxg3 19.hxg3 Bc4 20.g4 f6 21.Bf4 h6 22.Rac1 a5
23.e4 Rfe8 24.e5 fxe5 25.Bxe5 Rac8 26.Kh2 c5 27.Kg3 Bd3 28.dxc5 bxc5 29.Bd6 c4
30.Be5 Kf7 31.f3 a4 32.Bd4 Bg6 33.Kf4 Kg8 34.Bc3 Rcd8 35.Bd4 Rf8+ 36.Ke3 Rfe8+
37.Kd2 Rb8 38.Rxe8+ Rxe8 39.Re1  1/2-1/2

[Event "XXX Zalakaros Open"]
[Site "Zalakaros HUN"]
[Date "2011.05.22"]
[Round "3"]
[White "Banusz,T"]
[Black "Nemeth,De"]
[Result "1-0"]
[WhiteElo "2555"]
[BlackElo "2182"]

1.d4 Nf6 2.c4 e6 3.Nc3 Bb4 4.Qc2 O-O 5.e4 d5 6.e5 Nfd7 7.cxd5 exd5 8.Bd3 h6
9.a3 Bxc3+ 10.bxc3 c5 11.Ne2 Nc6 12.O-O Nb6 13.a4 cxd4 14.cxd4 Nb4 15.Bh7+ Kh8
16.Qb1 Nc4 17.Bf5 a5 18.f4 Bxf5 19.Qxf5 Qc8 20.Qh5 f5 21.Qf3 Qc6 22.h3 Nb6
23.g4 g6 24.Kh1 Kh7 25.Ba3 Nxa4 26.Rac1 Qd7 27.Ng3 Rac8 28.gxf5 gxf5 29.Nh5 Qe6
30.Rxc8 Qxc8 31.Qg2 Qd7 32.Rg1 Qf7 33.e6  1-0

[Event "3rd Limpedea Cup"]
[Site "Baia Sprie ROU"]
[Date "2011.05.23"]
[Round "3"]
[White "Grigore,Ge"]
[Black "Jianu,V"]
[Result "1/2-1/2"]
[WhiteElo "2505"]
[BlackElo "2534"]

1.d4 Nf6 2.c4 e6 3.Nc3 Bb4 4.Qc2 O-O 5.a3 Bxc3+ 6.Qxc3 b5 7.cxb5 c6 8.g3 cxb5
9.Bg2 Nc6 10.Bxc6 dxc6 11.Nf3 Qd5 12.Be3 Bb7 13.Qc5 Ne4 14.Qxd5 cxd5 15.Ne5 Rfc8
16.Nd3 Nf6 17.Bg5 Nd7 18.Be7 f6 19.Kd2 e5 20.Nc5 Nxc5 21.Bxc5 Kf7  1/2-1/2

[Event "ch-Moscow Final"]
[Site "Moscow RUS"]
[Date "2011.05.25"]
[Round "4"]
[White "Dubov,Danii"]
[Black "Tilicheev,V"]
[Result "1/2-1/2"]
[WhiteElo "2505"]
[BlackElo "2361"]

1.d4 Nf6 2.c4 e6 3.Nc3 Bb4 4.Qc2 O-O 5.a3 Bxc3+ 6.Qxc3 b6 7.Bg5 Bb7 8.e3 d6
9.Ne2 Nbd7 10.Qc2 Qc8 11.Nc3 c5 12.Rd1 cxd4 13.Rxd4 d5 14.cxd5 Nxd5 15.Rc4 Nc5
16.b4 Ba6 17.b5 Bb7 18.Bd3 h6 19.Bh4 Nxc3 20.Rxc3 Bxg2 21.Rg1 Nxd3+ 22.Qxd3 Qb7
23.Bf6 Qf3 24.Bxg7 Kxg7 25.Qf1 Kh8 26.Qxg2 Qf6 27.Qc6 Rad8 28.Rg3 Rd5 29.e4 Qe5
30.Kf1 Qxe4 31.Rcf3 Rd1+ 32.Kg2 Qxc6 33.bxc6 Rc1 34.Rc3 Rxc3 35.Rxc3 Rc8
36.Kg3 Kg7 37.Kh4 Kg6 38.Rg3+ Kf6 39.Rc3 a5 40.Kh5 b5 41.Rc5 Kg7 42.f4 b4
43.f5 exf5 44.Rxf5 Rxc6 45.Rxa5 Rc3 46.axb4 Rh3+ 47.Kg4 Rxh2 48.Rb5 Kg6 49.Rb8 Rg2+
50.Kf4 Rf2+ 51.Kg3 Rb2 52.b5 Kg5 53.b6 Rb3+ 54.Kg2 f5 55.b7 Kf4 56.Rh8 Rb2+
57.Kg1 Rxb7 58.Rxh6 Rb1+ 59.Kf2 Rb2+ 60.Kg1 Kg3 61.Rg6+ Kf3 62.Rf6 f4 63.Rf8 Rb1+
64.Kh2 Rf1 65.Ra8 Re1 66.Rf8 Re4 67.Kg1 Re1+ 68.Kh2 Re2+ 69.Kg1 Rg2+ 70.Kf1 Rd2
71.Kg1 Rd4 72.Rf7 Re4 73.Rf8 Ke3 74.Kg2 Re5 75.Rf7 Rg5+ 76.Kf1 Kf3 77.Rf8 Ra5
78.Kg1 Ra1+ 79.Kh2 Re1 80.Rf7 Re4 81.Kg1 Ke2 82.Kg2 f3+ 83.Rxf3 Rg4+ 84.Rg3 Rxg3+
85.Kxg3  1/2-1/2

[Event "Zonal 3.3"]
[Site "Tagaytay City PHI"]
[Date "2011.05.25"]
[Round "3"]
[White "Olay,E"]
[Black "Torre,E"]
[Result "0-1"]
[WhiteElo "2343"]
[BlackElo "2495"]

1.d4 Nf6 2.c4 e6 3.Nc3 Bb4 4.Qc2 O-O 5.Nf3 d6 6.Bd2 b6 7.e4 Bb7 8.Bd3 Nbd7
9.a3 Bxc3 10.bxc3 e5 11.O-O Re8 12.Rfe1 c5 13.d5 Bc8 14.a4 a5 15.Rab1 Nf8
16.Rb2 Bg4 17.Be2 N6d7 18.h3 Bh5 19.Nh2 Bxe2 20.Rxe2 Ng6 21.g3 Rf8 22.Ng4 Ne7
23.Ne3 g6 24.Ng2 Kg7 25.Qc1 Ng8 26.f4 exf4 27.gxf4 Qf6 28.Be1 Qe7 29.Bg3 f6
30.Re1 Nh6 31.Rbe2 Nf7 32.Nh4 Rae8 33.Kh2 Qd8 34.Qc2 Re7 35.Rg2 Qe8 36.Bf2 Nh6
37.Nf3 Kh8 38.Bh4 Nf7 39.Rge2 g5 40.e5 dxe5 41.fxg5 fxg5 42.Nxg5 Nxg5 43.Bxg5 Ref7
44.Rg2 Rf3 45.Re4 Rg8 46.Qe2 Qf7 47.Re3 Rxe3 48.Qxe3 Qf5 49.h4 Rf8 50.Qh3 Qxh3+
51.Kxh3 h5 52.Kg3 Kh7 53.Kh2 Rf3 54.Bd2 Nf6 55.Re2 Rd3 56.Kg2 Kg6 57.Be1 Nd7
58.Kf1 Rf3+ 59.Kg2 Rf4 60.Kh3 Rxc4 61.Rg2+ Kf7 62.Rg5 Nf6 63.Rxe5 Re4 64.Rxe4 Nxe4
65.Kg2 Kf6 66.Kf3 Ke5 67.c4 Kd4 68.Bf2+ Kd3 69.Bg3 Nf6 70.Bc7 Nd7 71.Kf4 Kxc4
72.Kg5 b5 73.axb5 a4 74.b6 a3 75.b7 a2 76.Be5 Nxe5 77.b8=Q a1=Q 78.d6 Qg1+
79.Kf5 Nd7  0-1

[Event "3rd Limpedea Cup"]
[Site "Baia Sprie ROU"]
[Date "2011.05.27"]
[Round "6"]
[White "Semcesen,D"]
[Black "Soltanici,R"]
[Result "1/2-1/2"]
[WhiteElo "2472"]
[BlackElo "2367"]

1.d4 Nf6 2.c4 e6 3.Nc3 Bb4 4.Qc2 O-O 5.e4 d5 6.e5 Ne4 7.a3 Bxc3+ 8.bxc3 c5
9.Bb2 cxd4 10.cxd4 Qa5+ 11.Ke2 f6 12.f3 Ng5 13.h4 Nf7 14.exf6 gxf6 15.Kf2 dxc4
16.Bxc4 Nd6 17.Bd3 Rf7 18.Ne2 Nc6 19.Rac1 Ne7 20.Qc5 Qb6 21.Bc3 Qxc5 22.dxc5 Ne8
23.Nd4 e5 24.Nb5 Be6 25.Rhd1 a6 26.Nd6 Nxd6 27.cxd6 Nd5 28.Ba5 Rd7 29.Be4 Rxd6
30.Rc5 b6 31.Rcxd5 Bxd5 32.Bxb6 Bxe4 33.Rxd6 Bb1 34.Rxf6 e4 35.Bc5 exf3 36.gxf3 Rc8
37.Bb4 Ra8 38.h5 a5 39.Bc3 Rf8 40.Re6 a4 41.Kg3 Bc2 42.h6 Rc8 43.Bb4 Kf7
44.Re7+ Kg6 45.Re6+ Kf5 46.Re7 Kg6 47.Bd2 Kf6 48.Ra7 Rg8+ 49.Kf4 Rc8 50.Ra6+ Kf7
51.Bb4 Re8 52.Rc6 Bb1 53.Bc3 Re6 54.Rc7+ Ke8 55.Bg7 Bd3 56.Rc3 Bb1 57.Rc4 Ra6
58.Ke5 Kf7 59.Rh4 Kg6 60.Rg4+ Kf7 61.Kd5 Bc2 62.f4 Rg6 63.Rh4 Rg3 64.Rh2 Bg6
65.Rf2 Bf5 66.Ke5 Kg6 67.Re2 Bg4 68.Ra2 Bf5 69.Ra1 Re3+ 70.Kd5 Rg3 71.Ke5 Re3+
72.Kd5 Rg3 73.Ke5 Re3+  1/2-1/2

[Event "TCh-FRA Top 12 2011"]
[Site "Mulhouse FRA"]
[Date "2011.05.27"]
[Round "2.8"]
[White "Nicoara,M"]
[Black "Skripchenko,A"]
[Result "0-1"]
[WhiteElo "2104"]
[BlackElo "2462"]

1.d4 Nf6 2.c4 e6 3.Nc3 Bb4 4.Qc2 O-O 5.a3 Bxc3+ 6.Qxc3 Qe8 7.g3 d6 8.Bg2 e5
9.d5 a5 10.b3 Nbd7 11.Bb2 Nc5 12.Qc2 b5 13.b4 Na4 14.c5 Bf5 15.Qxf5 Nxb2
16.Qc2 Nc4 17.Qc3 axb4 18.axb4 Rxa1+ 19.Qxa1 Qa8 20.Qxa8 Rxa8 21.e4 Ra1+
22.Ke2 Ra2+ 23.Ke1 Rb2 24.Nh3 Rxb4 25.cxd6 cxd6 26.Ke2 h6 27.Ra1 Rb2+ 28.Ke1 Nd7
29.Ng1 Nc5 30.Ne2 b4 31.f4 Nd3+  0-1

[Event "Zonal 3.3"]
[Site "Tagaytay City PHI"]
[Date "2011.05.27"]
[Round "6"]
[White "Paragua,M"]
[Black "Cao,S"]
[Result "1-0"]
[WhiteElo "2542"]
[BlackElo "2547"]

1.d4 Nf6 2.c4 e6 3.Nc3 Bb4 4.Qc2 O-O 5.e4 d6 6.a3 Bxc3+ 7.bxc3 e5 8.Bd3 c5
9.Ne2 Nc6 10.O-O h6 11.Rb1 Re8 12.f4 exd4 13.cxd4 cxd4 14.Bb2 Qa5 15.h3 Qc5
16.Kh1 b6 17.Bc1 Ba6 18.Bd2 Rac8 19.Rfc1 Kh8 20.Bb4 Nxb4 21.axb4 Qh5 22.Nxd4 Bb7
23.Re1 Qh4 24.Nf5 Qxf4 25.e5 Rxe5 26.Rf1 Qg5 27.Nxd6 Rc7 28.Nxb7 Rxb7 29.c5 Rc7
30.c6 b5 31.Ra1 g6 32.Qf2 Rxc6 33.Rxa7 Kg7 34.Qa2 Rd5 35.Be4 Rc1 36.Rxf7+ Kxf7
37.Qxd5+ Kg7 38.Qb7+ Kh8 39.Bd3 Qf4 40.Qc8+ Rxc8 41.Rxf4 Nh5 42.Rd4 g5 43.Bxb5 Rc1+
44.Kh2 Nf4 45.Rc4 Rb1 46.Bc6 Rb2 47.Be4 Kg7 48.Rc7+ Kf6 49.Rb7 h5 50.b5 Rb4
51.Bc6 h4 52.Bf3 Rb2 53.b6 Ng6 54.Be4 Ne5 55.Rh7 g4 56.b7 g3+ 57.Kg1 Nf7
58.Kf1 Ke5 59.Bf3 Ng5 60.Rh8 Rb1+ 61.Ke2 Rb2+ 62.Kd1 Nxf3 63.b8=Q+ Rxb8 64.Rxb8 Nd4
65.Kd2 Ke4 66.Rb4 Ke5 67.Kd3 Nf5 68.Ra4  1-0

[Event "Chicago Open"]
[Site "Wheeling USA"]
[Date "2011.05.27"]
[Round "3"]
[White "Holt,C"]
[Black "Hess,Ro"]
[Result "1/2-1/2"]
[WhiteElo "2417"]
[BlackElo "2601"]

1.d4 Nf6 2.c4 e6 3.Nc3 Bb4 4.Qc2 O-O 5.e4 d6 6.Bd3 e5 7.Ne2 exd4 8.Nxd4 Nbd7
9.O-O c6 10.Bg5 Ne5 11.Nb3 h6 12.Bh4 Qe7 13.f4 Bxc3 14.Bxf6 Nf3+ 15.Rxf3 Bxf6
16.h3 a5 17.a4 Qc7 18.Qf2 Be6 19.Nd4 Bd7 20.Nf5 Bxf5 21.exf5 Ra6 22.Rb1 Rb6
23.b3 Rb4 24.Kh1 Rd8 25.g4 Qb6 26.Qxb6 Rxb6 27.Bf1 Re8 28.Rd1 c5 29.Kg2 Bd4
30.g5 Re3  1/2-1/2

[Event "e2e4 Sunningdale Open"]
[Site "Ascot ENG"]
[Date "2011.05.28"]
[Round "2"]
[White "Tozer,R"]
[Black "Svensen,T"]
[Result "1/2-1/2"]
[WhiteElo "2297"]
[BlackElo "2102"]

1.d4 e6 2.c4 Nf6 3.Nc3 Bb4 4.Qc2 O-O 5.a3 Bxc3+ 6.Qxc3 b6 7.Bg5 Bb7 8.Nf3 h6
9.Bh4 c5 10.dxc5 bxc5 11.e3 d5 12.cxd5 Bxd5 13.Bxf6 Qxf6 14.Qxf6 gxf6 15.Rc1 Rc8
16.Bb5 Nc6 17.O-O Na5 18.Nd2 Rab8 19.a4 f5 20.Rc3 Rc7 21.Rfc1 a6 22.Bxa6 Rxb2
23.Nc4 Nxc4 24.Bxc4 Bxc4 25.Rxc4 Ra2 26.g4 fxg4 27.Rxg4+ Kh7 28.Kg2 f5 29.Rgc4 Kg6
30.Kf3 Ra7 31.Rxc5 R2xa4 32.Rc8 Rg4 33.R1c6 Kf6 34.Rh8 Rh4 35.Kg3 Rg4+ 36.Kf3 Rh4
37.Kg3 Rg4+ 38.Kf3 Rh4  1/2-1/2

[Event "e2e4 Sunningdale Open"]
[Site "Ascot ENG"]
[Date "2011.05.28"]
[Round "3"]
[White "Shaw,P"]
[Black "McCullough,S"]
[Result "0-1"]
[WhiteElo "2164"]
[BlackElo "2037"]

1.d4 Nf6 2.c4 e6 3.Nc3 Bb4 4.Qc2 O-O 5.Bg5 d5 6.e3 Nbd7 7.cxd5 exd5 8.Bd3 h6
9.Bh4 c5 10.dxc5 Nxc5 11.a3 Bxc3+ 12.Qxc3 Nxd3+ 13.Qxd3 Qb6 14.Nf3 Bd7 15.Bxf6 Qxf6
16.O-O Qxb2 17.Rab1 Qf6 18.Rxb7 Bc8 19.Qxd5 Rd8 20.Qb3 Bxb7 21.Qxb7 Qc3 22.a4 Qa5
23.Qb5 Rd5 24.Qb3 Rc8 25.Nd4 Rdc5 26.h3 Rc4 27.Qb7 Rc1 28.Rxc1 Rxc1+ 29.Kh2 Qc7+
30.Qxc7 Rxc7 31.Nb5 Rb7 32.Kg3 a6 33.Nc3 Rb3 34.Ne4 Rb4 35.Nc5 a5 36.Kf3 Rc4  0-1

[Event "TCh-SLO"]
[Site "Ljubljana SLO"]
[Date "2011.05.29"]
[Round "3"]
[White "Rusjan,M"]
[Black "Podkriznik,G"]
[Result "1-0"]
[WhiteElo "2193"]
[BlackElo "2354"]

1.d4 Nf6 2.c4 e6 3.Nc3 Bb4 4.Qc2 O-O 5.Nf3 c5 6.dxc5 Na6 7.g3 Nxc5 8.Bg2 Nfe4
9.O-O Bxc3 10.bxc3 d6 11.Rd1 f5 12.Nd2 Bd7 13.Nxe4 Ba4 14.Rxd6 Bxc2 15.Rxd8 Bxe4
16.Rxf8+ Rxf8 17.Be3 Rc8 18.Rd1 Bxg2 19.Kxg2 b6 20.Bxc5 Rxc5 21.Rd8+ Kf7
22.Rd7+ Kf6 23.Rxa7 Rxc4 24.Ra3 g5 25.h3 h5 26.Rb3 g4 27.h4 Rc6 28.Kf1 Ke5
29.e3 Kd5 30.Ke2 Kc5 31.Rb4 b5 32.a4 bxa4 33.Rxa4 Rb6 34.Ra8 Rb2+ 35.Kf1 Kd5
36.Rh8 Ke4 37.Kg2 Rc2 38.Rxh5 Rxc3 39.Rh6 Ke5 40.Rg6 Rc6 41.h5 Rc8 42.h6 Kd6
43.e4 Ke5 44.h7 Rh8 45.exf5 Rxh7 46.f6 Rf7 47.Rxg4 Rxf6 48.Rg5+ Kd6 49.f4 Rf8
50.Rg7 Ra8 51.Kf3 Ra4 52.Rf7 Rb4 53.g4 Rb3+ 54.Kf2 Rb8 55.g5 Rg8 56.Kf3 e5
57.fxe5+ Ke6 58.Rf6+ Kxe5 59.Kg4 Ra8 60.Rf1 Ke6 61.g6 Ra2 62.Kg5 Ke7 63.Kh6 Rh2+
64.Kg7 Re2 65.Kg8 Re3 66.g7 Re2 67.Rh1 Rg2 68.Kh7  1-0

[Event "29th Liechtenstein Open"]
[Site "Triesen LIE"]
[Date "2011.05.29"]
[Round "3.7"]
[White "Kelecevic,N"]
[Black "Farago,I"]
[Result "0-1"]
[WhiteElo "2279"]
[BlackElo "2448"]

1.d4 Nf6 2.c4 e6 3.Nc3 Bb4 4.Qc2 O-O 5.a3 Bxc3+ 6.Qxc3 d5 7.Nf3 dxc4 8.Qxc4 b6
9.Bg5 Ba6 10.Qc2 h6 11.Bh4 c5 12.e3 Bxf1 13.Rxf1 Nbd7 14.dxc5 Nxc5 15.Rd1 Qe7
16.Bxf6 Qxf6 17.b4 Nb7 18.Qe4 Rad8 19.Rd4 Nd6 20.Qe5 Qe7 21.Ke2 f6 22.Qh5 e5
23.Rd5 Ne4 24.Rxd8 Rxd8 25.Rc1 Qd7 26.Kf1  0-1

[Event "29th Liechtenstein Open"]
[Site "Triesen LIE"]
[Date "2011.05.29"]
[Round "3.4"]
[White "Likavsky,T"]
[Black "Kessler,Mi"]
[Result "1-0"]
[WhiteElo "2484"]
[BlackElo "2034"]

1.d4 Nf6 2.c4 e6 3.Nc3 Bb4 4.Qc2 O-O 5.a3 Bxc3+ 6.Qxc3 Ne4 7.Qc2 f5 8.e3 b6
9.Ne2 d6 10.f3 Nf6 11.Nc3 Bb7 12.Bd3 Nbd7 13.O-O c5 14.d5 exd5 15.cxd5 g6
16.e4 fxe4 17.Nxe4 Nxe4 18.Bxe4 Qe7 19.Re1 Rae8 20.Bh6 Rf7 21.Bxg6 Qxe1+
22.Rxe1 Rxe1+ 23.Kf2 Rfe7 24.Bxh7+ Kh8 25.Be4 Rh1 26.Qd2 Ba6 27.Qg5 Rf1+
28.Kg3  1-0

[Event "TCh-FRA Top 12 2011"]
[Site "Mulhouse FRA"]
[Date "2011.05.30"]
[Round "5"]
[White "Vernay,C"]
[Black "Van Heirzeele,D"]
[Result "1-0"]
[WhiteElo "2462"]
[BlackElo "2143"]

1.d4 Nf6 2.c4 e6 3.Nc3 Bb4 4.Qc2 O-O 5.e4 d5 6.e5 Ne4 7.Bd3 c5 8.Ne2 cxd4
9.Nxd4 Qh4 10.O-O Bxc3 11.bxc3 Nc5 12.Nf3 Qh5 13.Be2 dxc4 14.Ng5 Qg6 15.Qxg6 hxg6
16.Ba3 Nbd7 17.Bxc4 b6 18.f4 Bb7 19.Rfd1 Rfc8 20.Rd4 Bc6 21.Rad1 Ba4 22.R1d2 Re8
23.Be2 Bc6 24.Bf3 Bxf3 25.Nxf3 Re7 26.Ng5 f6 27.Ne4 fxe5 28.fxe5 Rc8 29.Nd6 Rc6
30.Re2 a6 31.Bc1 Nf8 32.Bg5 Rd7 33.Rf2 Nh7 34.Be3 Nf6 35.Rf3 Nd5 36.Bg5 b5
37.c4 bxc4 38.Rxc4 Rdc7 39.Rh4 Nd7 40.Rfh3 Rxd6 41.exd6 Rc6 42.Rh8+ Kf7 43.Rf3+ N5f6
44.Bxf6  1-0

[Event "TCh-FRA Top 12 2011"]
[Site "Mulhouse FRA"]
[Date "2011.05.30"]
[Round "5"]
[White "Manoeuvre,A"]
[Black "Elbilia,J"]
[Result "1/2-1/2"]
[WhiteElo "2215"]
[BlackElo "2390"]

1.d4 Nf6 2.c4 e6 3.Nc3 Bb4 4.Qc2 O-O 5.a3 Bxc3+ 6.Qxc3 Qe8 7.g3 d6 8.Nf3 a5
9.b3 a4 10.b4 b5 11.Bg2 bxc4 12.Qxc4 Ra7 13.O-O Ba6 14.Qc2 Qb5 15.Re1 Nbd7
16.Rb1 Nb6 17.Nd2 d5 18.Bb2 Ne8 19.e4 Nd6 20.exd5 exd5 21.Re5 Qd3 22.Rc1 Qxc2
23.Rxc2 Ndc4 24.Nxc4 Bxc4 25.Rc1 Rd8 26.Rce1 Kf8 27.Bc1 Bb5 28.h4 Re8 29.Rxe8+ Bxe8
30.Bf1 Bd7 31.Bf4 Be6 32.f3 Ke7 33.Bb5 Kd8 34.Bg5+ Kc8 35.Be7 c6 36.Bc5 cxb5
37.Bxb6 Rb7  1/2-1/2

[Event "3rd Limpedea Cup"]
[Site "Baia Sprie ROU"]
[Date "2011.05.31"]
[Round "10"]
[White "Shishkin,Va UKR"]
[Black "Soltanici,R"]
[Result "1/2-1/2"]
[WhiteElo "2474"]
[BlackElo "2367"]

1.d4 Nf6 2.c4 e6 3.Nc3 Bb4 4.Qc2 O-O 5.a3 Bxc3+ 6.Qxc3 b6 7.Bg5 Bb7 8.f3 d6
9.Nh3 Nbd7 10.e4 c5 11.Rd1 h6 12.Be3 Qc7 13.Be2 Rfe8 14.O-O cxd4 15.Qxd4 d5
16.cxd5 exd5 17.Bb5 Qc5 18.Qxc5 bxc5 19.Nf4 d4 20.Bf2 a5 21.b4 axb4 22.axb4 Ba6
23.Bxa6 Rxa6 24.bxc5 Nxc5 25.Bxd4 Ne6 26.Ne2 Nxd4 27.Nxd4 g6 28.Rd2 Rea8
29.Rfd1 Ra1 30.Rxa1 Rxa1+ 31.Kf2 Ra5 32.Ne2 Kg7 33.Nf4 Rb5 34.h3 Ra5 35.Ne2 Ra7
36.g4 Nd7 37.Rd5 Nf6 38.Rd2 Nd7 39.Rd5 Nf6 40.Rb5 Ra2 41.h4 h5 42.e5 Ng8
43.gxh5 gxh5 44.Rb7 Kg6 45.Ke3 Kf5 46.f4 Ra3+ 47.Kd4 Nh6 48.Kd5 Rd3+ 49.Kc4 Rd2
50.Nd4+ Kxf4 51.e6  1/2-1/2

[Event "TCh-FRA Top 12 2011"]
[Site "Mulhouse FRA"]
[Date "2011.05.31"]
[Round "6"]
[White "Brunner,N"]
[Black "Van Wely,L"]
[Result "1/2-1/2"]
[WhiteElo "2450"]
[BlackElo "2675"]

1.d4 Nf6 2.c4 e6 3.Nc3 Bb4 4.Qc2 O-O 5.e4 d5 6.e5 Ne4 7.Bd3 c5 8.Ne2 cxd4
9.Nxd4 Nd7 10.Bf4 Ndc5 11.O-O Nxd3 12.Qxd3 Bxc3 13.bxc3 b6 14.cxd5 Qxd5 15.Rfd1 Bb7
16.c4 Qd7 17.f3 Nc5 18.Qe2 Ba6 19.Nb5 Qc6 20.Rd6 Qc8 21.Qd2 Nb7 22.Rd4 Qc5
23.Qe3 Bxb5 24.cxb5 Qxb5 25.Bg5 Kh8 26.Qf4 Rac8 27.Be7 Rg8 28.Rad1 Rc2 29.Bf6 Qc5
30.Kh1 Qf8 31.Qe4 Rc7 32.Qxh7+ Kxh7 33.Rh4+ Kg6 34.Rg4+ Kh7 35.Rh4+ Kg6 36.Rg4+ Kh7
37.Rh4+ Kg6 38.Rg4+  1/2-1/2

[Event "TCh-FRA Top 12 2011"]
[Site "Mulhouse FRA"]
[Date "2011.05.31"]
[Round "6"]
[White "Debray,C"]
[Black "Pelletier,Y"]
[Result "0-1"]
[WhiteElo "2376"]
[BlackElo "2587"]

1.d4 Nf6 2.c4 e6 3.Nc3 Bb4 4.Qc2 O-O 5.a3 Bxc3+ 6.Qxc3 d6 7.g3 Bd7 8.Bg2 Bc6
9.Nf3 a5 10.b3 Nbd7 11.O-O Be4 12.Bb2 Qb8 13.Bh3 b5 14.Nd2 bxc4 15.bxc4 Nb6
16.Qe3 d5 17.c5 Na4 18.Nxe4 dxe4 19.Bc1 Rd8 20.Bg2 Qb5 21.Bd2 Qc4 22.Rfc1 Qxd4
23.Qxd4 Rxd4 24.Be3 Rd5 25.Rab1 Rad8 26.f3 exf3 27.Bxf3 Re5 28.Bf4 Rxc5 29.Rxc5 Nxc5
30.Bxc7 Rc8 31.Bxa5 Nce4 32.Rb4 Nd6 33.Rd4 Nb5 34.Rd3 e5 35.Bb7 Rc1+ 36.Kf2 h5
37.h3 Rb1 38.Ba8 Rb2 39.Rd8+ Kh7 40.Rb8 Nd7 41.Be4+ g6 42.Rb7 Nc5 43.Rxf7+ Kh6
44.Bd5 Nd4 45.Bd8 Rxe2+ 46.Kf1 Re3 47.Bf6 Nde6 48.Re7 Rd3 49.Bc4 Rf3+  0-1